Catalogue des variétés et clones de vigne cultivés en France
Αποθηκεύτηκε σε:
| Συγγραφή απο Οργανισμό/Αρχή: | |
|---|---|
| Μορφή: | Βιβλίο |
| Γλώσσα: | Γαλλικά |
| Έκδοση: |
Montpellier
Institut Francais de la Vigne et du Vin
2007
|
| Έκδοση: | 2a. ed |
| Θέματα: | |
| Ετικέτες: |
Προσθήκη ετικέτας
Δεν υπάρχουν, Καταχωρήστε ετικέτα πρώτοι!
|
MARC
| LEADER | 00000cam a2200000 a 4500 | ||
|---|---|---|---|
| 001 | UCD9574 | ||
| 003 | CL-VaPUC | ||
| 008 | 170626e20070000fr |||||||||||||||||fre|d | ||
| 020 | |a 2906417394 | ||
| 082 | 0 | 4 | |a 634.8 |b MIN |2 21 |
| 110 | 2 | |a Ministére de l'Agriculture et de la Peche - CTPS |e author |9 593242 | |
| 245 | 1 | 0 | |a Catalogue des variétés et clones de vigne cultivés en France |
| 250 | |a 2a. ed | ||
| 300 | |a 455 p | ||
| 942 | |c BK | ||
| 945 | |d 20170626 01:10:00 |a arojas | ||
| 260 | |a Montpellier |b Institut Francais de la Vigne et du Vin |c 2007 | ||
| 650 | 7 | |a UVAS |2 CL-VaPUC |9 593243 | |
| 650 | 0 | |a Viticultura |9 301210 | |
| 650 | 7 | |a CEPAS |2 CL-VaPUC |9 389599 | |
| 650 | 0 | |a Enología |9 347465 | |
| 651 | 0 | |a Francia |9 255157 | |
| 583 | |a last modification |c 20170626 01:10:00 |k Rodrigo Vera | ||
| 999 | |c 368683 |d 368681 | ||
| 952 | |0 0 |1 0 |3 erb |4 0 |6 634_800000000000000_MIN_2007 |7 0 |8 A |9 484085 |a BIBAGR |b BIBAGR |i 5401720 |o 634.8 MIN 2007 |p 5401720 |r 2025-01-20 |w 2019-11-24 |y BK |z Catalogado en:20170626 |k AGR | ||